Statistiche per Sovrani del Regno di Grecia(1832-1974)

Clicka qui per fare il quiz!

Statistiche generali

  • Questo quiz è stato fatto 12 volte
  • Il punteggio medio è 6 su 9

Statistiche sulle risposte

Anni di regnoRisposta% Corretto
1947-1964Paolo I
100%
1913-1917Costantino I
83%
1920-1922Costantino I
83%
1964-1973Costantino II
67%
1863-1913Giorgio I
67%
1922-1924Giorgio II
67%
1935-1947Giorgio II
67%
1833-1862Ottone I
67%
1917-1920Alessandro I
33%

Distribuzione punteggi

Percentile per numero di risposta

Percentuale di utenti per punteggio

I tuoi punteggi nel tempo

Non hai fatto questo quiz